سرود سحر آفریں : (Record no. 106974)

MARC details
000 -LEADER
fixed length control field 00914nam a22002537a 4500
005 - DATE AND TIME OF LATEST TRANSACTION
control field 20170123162319.0
010 ## - LIBRARY OF CONGRESS CONTROL NUMBER
LC control number A-688065
020 ## - INTERNATIONAL STANDARD BOOK NUMBER
Terms of availability 50.00
035 ## - SYSTEM CONTROL NUMBER
System control number A-688065
037 ## - SOURCE OF ACQUISITION
Source of stock number/acquisition Cen Lib/Ret
040 ## - CATALOGING SOURCE
Original cataloging agency DPL
Language of cataloging UR
082 ## - DEWEY DECIMAL CLASSIFICATION NUMBER
Classification number 841.08
Item number ا ق ب
100 ## - MAIN ENTRY--PERSONAL NAME
Personal name غلام رسول ملک
9 (RLIN) 116357
245 ## - TITLE STATEMENT
Title سرود سحر آفریں :
Statement of responsibility, etc غلام رسول ملک
Remainder of title فکر و فن اقبال کے چند گوشے /
246 ## - VARYING FORM OF TITLE
Title proper/short title Sawar sahar afreen : fikar v fan iqbal ke cahnd goshe /
Remainder of title by Ghulam Rasool Malik
260 ## - PUBLICATION, DISTRIBUTION, ETC. (IMPRINT)
Place of publication, distribution, etc سری نگر
Name of publisher, distributor, etc اقبال انسٹیٹیوٹ
Date of publication, distribution, etc 1992
270 ## - ADDRESS
City سری نگر
Address کشمیریونیورسٹی
300 ## - PHYSICAL DESCRIPTION
Extent 162p.
Dimensions 19cm(Hb)
650 ## - SUBJECT ADDED ENTRY--TOPICAL TERM
Topical term or geographic name as entry element اردو ادب
9 (RLIN) 116358
650 ## - SUBJECT ADDED ENTRY--TOPICAL TERM
Topical term or geographic name as entry element اردو سوانے عمری
9 (RLIN) 116359
650 ## - SUBJECT ADDED ENTRY--TOPICAL TERM
Topical term or geographic name as entry element Urdu literature
9 (RLIN) 116360
650 ## - SUBJECT ADDED ENTRY--TOPICAL TERM
Topical term or geographic name as entry element Urdu biography
9 (RLIN) 511
942 ## - ADDED ENTRY ELEMENTS (KOHA)
Source of classification or shelving scheme Dewey Decimal Classification
Koha item type Urdu Bks
Classification part 841.08
Call number suffix ا ق ب
Holdings
Withdrawn status Lost status Damaged status Not for loan Home library Current library Date acquired Source of acquisition Cost, normal purchase price Total Checkouts Full call number Barcode Date last seen Copy number Cost, replacement price Price effective from Koha item type
        Central Library Central Library 01/01/2016 Cen Lib/Ret 50.00   841.08 ا ق ب A-688065 01/01/2016 1 50.00 01/01/2016 Urdu Bks

© Delhi Public Library
Hit Counter
free hit counter